000 00612nam a2200229Ia 4500
003 OSt
005 20220928144447.0
006 a|||||r|||| 00| 0
007 ta
008 220927b |||||||| |||| 00| 0 eng d
024 _a70998
037 _cTextual
040 _aSDCL
_cSDCL
_beng
041 _2eng
_aeng
082 _aX.3'N7, M1
100 _aAaronovitch Sam
_9507762
245 0 _aPolitical economy of British Capitalism
_bA Marxist analysis
260 _c1981
700 _a Smith Ron
_9507763
942 _hX.3'N7, M1
_cTEXL
_2CC
999 _c827282
_d827282